[Event "Nancy Rapid op 22nd"]
[Site "Meurthe et Moselle"]
[Date "2024.02.18"]
[Round "5"]
[White "Carrillo, Jesus"]
[Black "Brunner, Nicolas"]
[Result "0-1"]
[WhiteElo "1990"]
[BlackElo "2414"]
[PlyCount "44"]
[EventDate "2024.02.18"]
[EventType "swiss (rapid)"]
[EventRounds "9"]
[EventCountry "FRA"]
[SourceTitle "CB08_2024"]
[SourceDate "2024.02.21"]
[SourceVersion "1"]
[SourceVersionDate "2024.02.21"]
[SourceQuality "1"]

1. e4 c5 2. Nf3 d6 3. d4 cxd4 4. Nxd4 Nf6 5. Nc3 a6 6. Bc4 e6 7. a4 Be7 8. Ba2 Nc6 9. Be3 0-0 10. 0-0 Bd7 11. f4 Qc7 12. f5 Nxd4 13. Bxd4 b5 14. axb5 axb5 15. Qf3 b4 16. Ne2 e5 17. Bf2 Qxc2 18. Bb1 Qxb2 19. Rxa8 Rxa8 20. Bh4 Bb5 21. Bd3 Ra3 22. Rd1 Bxd3 0-1

[Event "Europe Echecs online op April"]
[Site "Europe Echecs INT"]
[Date "2020.04.11"]
[Round "9"]
[White "Carrillo, Jesus"]
[Black "Le Forestier, Julien"]
[Result "1-0"]
[WhiteElo "1969"]
[BlackElo "1838"]
[PlyCount "55"]
[EventDate "2020.04.11"]
[EventType "swiss (blitz)"]
[EventRounds "11"]
[EventCountry "FRA"]
[SourceTitle "EXT 2021"]
[Source "ChessBase"]
[SourceDate "2020.10.23"]
[SourceVersion "1"]
[SourceVersionDate "2020.10.23"]
[SourceQuality "1"]

1. e4 c6 2. d4 d5 3. exd5 cxd5 4. c4 Nf6 5. Nc3 Nc6 6. cxd5 Nxd5 7. Bc4 e6 8. Nf3 Bb4 9. Bd2 0-0 10. Bd3 Bxc3 11. bxc3 Re8 12. 0-0 e5 13. dxe5 Nxe5 14. Nxe5 Rxe5 15. c4 Nf6 16. Bc3 Re8 17. Qc2 h6 18. Rad1 Qb6 19. Rfe1 Bd7 20. Bxf6 Qxf6 21. Rxe8+ Bxe8 22. Bh7+ Kh8 23. Be4 Bc6 24. h3 Rc8 25. Bd5 Kg8 26. Qd3 Qg5 27. Qf3 Kf8 28. Qxf7# 1-0

[Event "Europe Echecs online op April"]
[Site "Europe Echecs INT"]
[Date "2020.04.11"]
[Round "4"]
[White "Le Goff, Ronan"]
[Black "Carrillo, Jesus"]
[Result "1-0"]
[WhiteElo "2276"]
[BlackElo "1969"]
[PlyCount "57"]
[EventDate "2020.04.11"]
[EventType "swiss (blitz)"]
[EventRounds "11"]
[EventCountry "FRA"]
[SourceTitle "EXT 2021"]
[Source "ChessBase"]
[SourceDate "2020.10.23"]
[SourceVersion "1"]
[SourceVersionDate "2020.10.23"]
[SourceQuality "1"]

1. d4 Nf6 2. Nf3 g6 3. Nc3 d5 4. Bf4 Bg7 5. Nb5 Na6 6. e3 0-0 7. h3 Nd7 8. Be2 f6 9. Bh2 c6 10. Nc3 Nc7 11. 0-0 Ne8 12. e4 e6 13. Re1 Nb6 14. a4 a5 15. Bf1 Nd6 16. b3 dxe4 17. Nxe4 Nxe4 18. Rxe4 f5 19. Re1 c5 20. dxc5 Bxa1 21. Qxa1 Nd5 22. Bd6 Rf7 23. Ne5 Rg7 24. Bb5 Qg5 25. Nf3 Qd8 26. c4 Nb4 27. Rd1 Bd7 28. Be5 Qc8 29. Bxg7 1-0

[Event "Wasselonne op"]
[Site "Wasselonne"]
[Date "2009.08.09"]
[Round "6"]
[White "Bellahcene, Omar"]
[Black "Carrillo, Jesus"]
[Result "0-1"]
[WhiteElo "1720"]
[BlackElo "2135"]
[PlyCount "112"]
[EventDate "2009.08.06"]
[EventType "swiss"]
[EventRounds "7"]
[EventCountry "FRA"]
[SourceTitle "EXT 2011"]
[Source "ChessBase"]
[SourceDate "2010.11.26"]
[SourceVersion "1"]
[SourceVersionDate "2010.11.26"]
[SourceQuality "1"]

1. e4 c5 2. Na3 Nc6 3. Bb5 Nf6 4. d3 d6 5. f4 Bd7 6. Nf3 e6 7. 0-0 Be7 8. c3 0-0 9. Nc2 a6 10. Bxc6 Bxc6 11. Ne3 Nd7 12. Kh1 b5 13. Ng5 h6 14. Nh3 c4 15. f5 e5 16. Nd5 Bxd5 17. exd5 cxd3 18. Qxd3 Nf6 19. Nf2 Rc8 20. Ne4 Nxe4 21. Qxe4 Rc4 22. Qf3 Bf6 23. b3 Rc7 24. Re1 Re8 25. Re4 Rc5 26. c4 bxc4 27. bxc4 Qc7 28. Qg4 Kh7 29. Rb1 Rc8 30. Ba3 Rxc4 31. Rxc4 Qxc4 32. Qxc4 Rxc4 33. Bxd6 Rd4 34. Bc7 Rxd5 35. h3 Bh4 36. a4 Bg3 37. Bb6 h5 38. Bg1 h4 39. Bh2 f6 40. Bxg3 hxg3 41. Kg1 Rd2 42. Kf1 Rf2+ 43. Kg1 Rxf5 44. Rb3 Rf4 45. Ra3 Rd4 46. Rxg3 Rxa4 47. Rb3 Ra2 48. Rb7 a5 49. Ra7 e4 50. Kh2 Ra3 51. Kg1 e3 52. Kf1 f5 53. Ke2 f4 54. Rf7 Ra2+ 55. Kd3 Rd2+ 56. Kc3 Rf2 0-1

[Event "Nancy-B"]
[Site "Nancy"]
[Date "2006.02.23"]
[Round "5"]
[White "Delorme, Alban"]
[Black "Carrillo, Jesus"]
[Result "1-0"]
[WhiteElo "2276"]
[BlackElo "2175"]
[PlyCount "77"]
[EventDate "2006.02.20"]
[EventType "tourn"]
[EventRounds "9"]
[EventCountry "FRA"]
[SourceTitle "CBM 110 Extra"]
[Source "ChessBase"]
[SourceDate "2006.03.10"]
[SourceVersion "2"]
[SourceVersionDate "2006.03.10"]
[SourceQuality "1"]

1. e4 c5 2. Nf3 Nc6 3. d4 cxd4 4. Nxd4 Nf6 5. Nc3 e5 6. Ndb5 d6 7. Bg5 a6 8. Na3 b5 9. Bxf6 gxf6 10. Nd5 Bg7 11. c3 0-0 12. Bd3 Ne7 13. Qh5 Re8 14. Nxe7+ Rxe7 15. Nc2 Be6 16. Ne3 Qf8 17. 0-0 Bh6 18. a4 Rb8 19. axb5 axb5 20. Ra6 Reb7 21. Nd5 Bg7 22. Rfa1 h6 23. Nb4 Rc8 24. Qe2 Bc4 25. Bxc4 Rxc4 26. Qd3 Rd7 27. Nc6 Ra4 28. R1xa4 bxa4 29. Rxa4 f5 30. Qd5 Rb7 31. exf5 Rxb2 32. h3 Rb7 33. Rb4 Rxb4 34. cxb4 Bf6 35. b5 Bd8 36. Nxd8 Qxd8 37. Qc6 Qa5 38. f6 Kh7 39. Qe4+ 1-0